000 00404nam a22001457a 4500
003 OSt
008 250729b |||||||| |||| 00| 0 eng d
082 _a635.648
_bS61Y
100 _aAtul Kumar Singh
245 _aYield Response of Okra (Kashi Lalima) Under Drip Irrigation and Plastic Mulch Condition
260 _aRPCAU, Pusa
_bWCE
_c2024
300 _aiv,36
502 _bB.Tech.(AG)
942 _2ddc
_cT
999 _c48587
_d48587